El tren de escala (Record no. 160138)

MARC details
000 -LEADER
campo de control de longitud fija 01247nam a22002415i 4500
001 - NÚMERO DE CONTROL
campo de control 160138
003 - IDENTIFICADOR DE NÚMERO DE CONTROL
campo de control ES-MaACL
005 - FECHA Y HORA DE LA ÚLTIMA TRANSACCIÓN
campo de control 20250927133104.0
008 - DATOS DE LONGITUD FIJA--INFORMACIÓN GENERAL
campo de control de longitud fija 010521s1854 sp |||| | spa d
040 ## - FUENTE DE CATALOGACIÓN
Centro catalogador/agencia de origen CAM
Lengua de catalogación spa
Centro/agencia transcriptor CAM
100 1# - ENTRADA PRINCIPAL--NOMBRE DE PERSONA
Nombre de persona Morán, Jerónimo.
9 (RLIN) 130229
245 13 - MENCIÓN DEL TÍTULO
Título El tren de escala
Resto del título : zarzuela en un acto, en verso /
Mención de responsabilidad, etc. original de Gerónimo Morán ; música de Martín Sanchez Allú.
260 ## - PUBLICACIÓN, DISTRIBUCIÓN, ETC.
Lugar de publicación, distribución, etc. Madrid :
Nombre del editor, distribuidor, etc. [Círculo literario Comercial],
Fecha de publicación, distribución, etc. 1854 (
Fabricante imprenta á cargo de C. González)
300 ## - DESCRIPCIÓN FÍSICA
Extensión 32 p. ;
Dimensiones 21 cm.
490 1# - MENCIÓN DE SERIE
Mención de serie La España Dramática: colección de obras representadas con aplauso en los teatros de la corte ;
Designación de volumen o secuencia 242
500 ## - NOTA GENERAL
Nota general En port.: Estrenada en el teatro del Circo el 7 de mayo de 1854.
500 ## - NOTA GENERAL
Nota general Solo la letra.
596 ## - NOTA AL PIE DE IMPRENTA
NOTA AL PIE DE IMPRENTA Mención de editor y de serie constan en la cub.
700 1# - ENTRADA AGREGADA--NOMBRE PERSONAL
Nombre de persona Sánchez Allú, Martín,
Fechas asociadas al nombre 1828-1858
9 (RLIN) 133004
830 03 - PUNTO DE ACCESO ADICIONAL DE SERIE-TÍTULO UNIFORME
Título uniforme La España dramática: colección de obras representadas con aplauso en los teatros de la corte
Designación de volumen o secuencia 242
9 (RLIN) 187776
852 ## - LOCALIZACIÓN
Ubicación ES-MaACL
Número de control de estantería F-8614(1)
Nota libre -- Enc. pasta española
condición física -- Falto de la cub. original
Nota libre -- Enc. en un vol. facticio formando parte de la col. facticia "Teatro español moderno", vol. 69
Holdings
Estatus retirado Estado de pérdida Estado de daño No para préstamo Colección Biblioteca de origen Biblioteca actual Ubicación en estantería Fecha de adquisición Total de préstamos Signatura topográfica completa Código de barras Visto por última vez Precio de reemplazo Tipo de ítem Koha
        Libros del s. XIX Biblioteca del Ateneo de Madrid Biblioteca del Ateneo de Madrid Sala Pecera Planta 2 17/01/2008   F-8614(1) 1167656 23/02/2023 23/02/2023 Libro impreso antiguo